In the first session of the ninth parliament of the fourth republic of Ghana, fourteenth report of the appointments committee on his excellency the president's nomination for appointment as administrator of district assemblies common fund (Record no. 5212)

MARC details
000 -LEADER
fixed length control field 00693nam a22001697a 4500
003 - CONTROL NUMBER IDENTIFIER
control field OSt
005 - DATE AND TIME OF LATEST TRANSACTION
control field 20250612120504.0
008 - FIXED-LENGTH DATA ELEMENTS--GENERAL INFORMATION
fixed length control field 250612b |||||||| |||| 00| 0 eng d
041 ## - LANGUAGE CODE
Language code of text/sound track or separate title English
082 ## - DEWEY DECIMAL CLASSIFICATION NUMBER
Classification number CR/DACF/25 Acc No: 11,051
110 ## - MAIN ENTRY--CORPORATE NAME
Corporate name or jurisdiction name as entry element Parliament of Ghana
245 ## - TITLE STATEMENT
Title In the first session of the ninth parliament of the fourth republic of Ghana, fourteenth report of the appointments committee on his excellency the president's nomination for appointment as administrator of district assemblies common fund
260 ## - PUBLICATION, DISTRIBUTION, ETC.
Place of publication, distribution, etc. Accra-Osu
Name of publisher, distributor, etc. Parliament of Ghana,
Date of publication, distribution, etc. 2025.
300 ## - PHYSICAL DESCRIPTION
Extent 22p;
650 ## - SUBJECT ADDED ENTRY--TOPICAL TERM
Source of heading or term appointment as administrator of district assemblies common fund
942 ## - ADDED ENTRY ELEMENTS (KOHA)
Source of classification or shelving scheme Dewey Decimal Classification
Koha item type Committee Reports
Suppress in OPAC No
Holdings
Withdrawn status Lost status Source of classification or shelving scheme Damaged status Not for loan Home library Current library Shelving location Date acquired Total checkouts Full call number Date last seen Copy number Price effective from Koha item type
    Dewey Decimal Classification     Main Library Main Library Open Shelves 12/06/2025   CR/DACF/25 Acc No: 11,051 12/06/2025 1 12/06/2025 Committee Reports
©2026  Parliament of Ghana Library - All rights reserved